000
00359nam a2200145Ia 4500
008
090122s9999 xx 000 0 und d
082
_b
4376
_a
891.463
100
_a
राजे
_b
शैलजा
245
_a
रिंगण
600
_a
राजे
630
_a
रिंगण
700
_a
राजे
730
_a
रिंगण
942
_c
BOOK
999
_c
28454
_d
28454